00346nam a2200157Ia 4500008004000000041000800040082001200048100000600060245003300066260004300099300000800142650000800150650001100158650000700169650001200176210210b1846 xxu||||| |||| 00| 0 eng d aeng a954/524 a- aHistory of the Punjab Vol II aLondonbWm. H. Allen and Companyc1846 a395 aVol aPunjab aII aHistory